| 000 | 00864nam a22002297a 4500 | ||
|---|---|---|---|
| 999 |
_c16804 _d16804 |
||
| 003 | AR-CdUCM | ||
| 008 | 190506b ||||| |||| 00| 0 spa d | ||
| 040 |
_aMUNICIPALIDAD PROVINCIAL DEL CUSCO _cBIBLIOTECA MUNICIPAL DEL CUSCO |
||
| 041 | _heng | ||
| 082 |
_a379.73 / _bK21 |
||
| 100 |
_aKandel, Isaac Leon _936478 |
||
| 245 | _aLa educación norteamericana en el siglo XX / | ||
| 260 |
_aMéxico, D.F : _bLibreros Mexicanos Unidos, _c1963. |
||
| 300 |
_a283 páginas ; _c19 cm. |
||
| 505 | _aContenido: La educación norteamericana a mediados de siglo -- El publico y sus escuelas -- La educación del niño -- La educación del adolescente... | ||
| 650 |
_aEducación _9460 |
||
| 650 |
_aCapacitación _97459 |
||
| 650 |
_aEstados Unidos _91805 |
||
| 700 |
_aEscobar Rhode, Teresa (traducción) _936479 |
||
| 942 |
_2ddc _cLIBROS |
||
| 945 |
_adavv _d05/06/2019 |
||